000 01824nam0a2200361 4500
001 RU\NLR\bibl\196817
005 20260405071937.0
010 _a5-901403-01-0
_bВ пер.
_93000
021 _aRU
_b2001-14058
_9660
035 _a(NLR Aleph) 000193263
090 _a1118248
_c1118248
100 _a20010619d2000 |||y0rusy50 ca
101 0 _arus
102 _aRU
105 _aac |||||||||
200 1 _aМорские судьбы начинаются здесь...
_eК 110-летию мор. образования в Приморье
_eИст. очерки, арх. док., воспоминания современников, зап. очевидцев
_e[О Дальневост. гос. мор. акад. им. Г. И. Невельского
_fРедкол.: В.И. Седых (гл. ред.) и др.]
210 _aВладивосток
_cКунгурова
_cТОНИ
_d2000
215 _a240 с.
_cил., портр., цв. ил.
_d24
601 0 2 _aДальневосточная государственная морская академия им. Г. И. Невельского
_cВладивосток
_2psbo
606 0 _aМорское образование
_jВоспоминания, записки и т.п.
_yПриморье
_92224426
_3RU\NLR\auth\661335463
610 0 _aМорские академии - История
610 0 _aПриморский край, воен. образование
675 _a355.231(47+57)
_v3
_zrus
686 _a68.49(2)3
_2rubbk
686 _aЧ488.759.3
686 _aЧ478.759.3
702 1 _4340
_8rus
_7ca
_aСедых
_bВ.И.
_f1941-
_gВячеслав Иванович
_3RU\NLR\auth\7724740
_97790
801 0 _aRU
_bRKP
_c20010619
_gPSBO
801 1 _aRU
_bRKP
_c20010619
801 2 _aRU
_bNLR
_c20070306
_grcr
942 _cBOOK
980 _aNB